000
00284nam a2200109Ia 4500
008
171211s9999 xx 000 0 und d
245
4
_a
The Greatest Shows on Earth
245
_c
John Freeman
260
_c
2012
650
_x
ART
856
_u
http://down.ebook777.com/064/1907471545.pdf
999
_c
348528
_d
348528